000
00309nam a2200121Ia 4500
008
150201s2010 xx 000 0 und d
082
_a
611
_b
A10S
100
_a
SINGH,HARIQBAL
245
_a
ATLAS OF ANATOMY ON CT IMAGING
260
_b
JAYPEE BROTHERS
_a
DELHI
_c
2010
650
_a
HUMAN ANATOMY
942
_2
ddc
_c
BK
999
_c
1019
_d
1019